[Event "XIII C.to Italiano U20"]
[Site "Bratto - Castione della Presolana ITA"]
[Date "2005.08.20"]
[Round "1"]
[White "Rostolis, Riccardo"]
[Black "Pulcini, Giorgio"]
[Result "1-0"]
[WhiteElo "1966"]
[BlackElo "1614"]
[PlyCount "37"]
[EventDate "2005.08.20"]

1.e4 e5 2.Nf3 Nc6 3.d4 exd4 4.Bc4 Bc5 5.c3 dxc3 6.Bxf7+ Kxf7 7.Qd5+ Kf8 8.
Qxc5+ Qe7 9.Qe3 b6 10.Nxc3 d6 11.Nd5 Qd8 12.Qc3 Nge7 13.Bg5 Kf7 14.Bxe7 
Nxe7 15.Ng5+ Kg6 16.Qg3 Qd7 17.Ne6+ Kf7 18.Qxg7+ Kxe6 19.Nf4# 1-0

[Event "XIII C.to Italiano U20"]
[Site "Bratto - Castione della Presolana ITA"]
[Date "2005.08.20"]
[Round "1"]
[White "Tomassini, Ubaldo"]
[Black "Bove, Alessandro"]
[Result "0-1"]
[WhiteElo "1772"]
[BlackElo "2137"]
[PlyCount "108"]
[EventDate "2005.08.20"]

1.e4 e5 2.Nf3 d6 3.d4 Nd7 4.Nc3 c6 5.Bc4 Qc7 6.O-O Be7 7.Be3 Ngf6 8.Qe2 
O-O 9.Rad1 b5 10.Bd3 Nb6 11.d5 b4 12.Bxb6 axb6 13.Nb1 Rxa2 14.c4 c5 15.Rd2
Bd7 16.b3 Ra5 17.Rb2 Qa7 18.Nfd2 Ne8 19.f4 Bf6 20.f5 Ra2 21.Rxa2 Qxa2 22.
Rf2 Bg5 23.Nf3 Qxe2 24.Rxe2 Bh6 25.Ra2 Nf6 26.h3 Rb8 27.Kf2 Kf8 28.Nbd2 
Bxd2 29.Nxd2 Ke7 30.g4 Ne8 31.Nf3 f6 32.Ra7 Kd8 33.h4 Nc7 34.g5 Bc8 35.h5 
Ba6 36.Kg3 h6 37.gxf6 gxf6 38.Nh4 Kd7 39.Ng6 Re8 40.Kf3 Kc8 41.Ke3 Kb8 42.
Rxc7 Kxc7 43.Kd2 Bc8 44.Be2 Bd7 45.Kc2 b5 46.cxb5 Kb6 47.Bc4 Bxb5 48.Kd3 
Bxc4+ 49.Kxc4 Ka5 50.Nh4 Rg8 51.Ng6 Rg7 52.Kd3 Kb5 53.Kc2 c4 54.Kb2 Ra7 
0-1

[Event "XIII C.to Italiano U20"]
[Site "Bratto - Castione della Presolana ITA"]
[Date "2005.08.20"]
[Round "1"]
[White "Trazzi, Enrico"]
[Black "Bonagura, Stefano"]
[Result "0-1"]
[WhiteElo "1670"]
[BlackElo "2018"]
[PlyCount "86"]
[EventDate "2005.08.20"]

1.c4 Nf6 2.Nc3 g6 3.Nf3 Bg7 4.g3 O-O 5.Bg2 d6 6.O-O e5 7.d3 Nbd7 8.Rb1 Nh5
9.e4 c6 10.Be3 Qe8 11.g4 Nf4 12.Bxf4 exf4 13.Qd2 Ne5 14.Qxf4 Qe6 15.Rbd1 
Nxg4 16.Qd2 h5 17.Rfe1 Bh6 18.Qc2 Bf4 19.Ne2 Bh6 20.d4 g5 21.Ng3 Qg6 22.h3
Nf6 23.Qd3 h4 24.Nf5 Bxf5 25.exf5 Qg7 26.Re7 Nh5 27.Nh2 Nf4 28.Qf3 Rfe8 
29.Ng4 Rxe7 30.f6 Qg6 31.fxe7 Bg7 32.Re1 f5 33.Qe3 Re8 34.Nh2 Bf6 35.Qd2 
Rxe7 36.Rxe7 Bxe7 37.Qd1 Bf6 38.d5 c5 39.b3 Qe8 40.Bf1 Qe4 41.Qf3 Qb1 42.
a4 Bd4 43.Kh1 Qe1 0-1

[Event "XIII C.to Italiano U20"]
[Site "Bratto - Castione della Presolana ITA"]
[Date "2005.08.20"]
[Round "1"]
[White "Truzzi, Stefano"]
[Black "Pomaro, Alberto"]
[Result "0-1"]
[WhiteElo "1518"]
[BlackElo "1943"]
[PlyCount "52"]
[EventDate "2005.08.20"]

1.d4 Nf6 2.Nf3 g6 3.c4 Bg7 4.Nc3 O-O 5.Bf4 d6 6.e3 Nh5 7.Qc2 Nxf4 8.exf4 
Bg4 9.O-O-O Nc6 10.d5 Bxf3 11.gxf3 Nd4 12.Qd3 c5 13.dxc6 bxc6 14.h4 h5 15.
Rg1 Rb8 16.Bh3 Qb6 17.Na4 Qb4 18.b3 Qa3+ 19.Kb1 Nxb3 20.axb3 Rxb3+ 21.Qxb3
Qxb3+ 22.Kc1 Qxa4 23.Kd2 Qxc4 24.Ke1 Bc3+ 25.Rd2 Qxf4 26.Kd1 Qxd2# 0-1

[Event "XIII C.to Italiano U20"]
[Site "Bratto - Castione della Presolana ITA"]
[Date "2005.08.20"]
[Round "1"]
[White "Valsecchi, Alessio"]
[Black "Ghedin, Emanuele"]
[Result "1-0"]
[WhiteElo "1945"]
[BlackElo "1572"]
[PlyCount "87"]
[EventDate "2005.08.20"]

1.e4 c6 2.d4 d5 3.e5 Bf5 4.h4 h5 5.c4 e6 6.Nc3 Ne7 7.Bg5 Qb6 8.Qd2 Na6 9.
cxd5 Nb4 10.Rc1 Nbxd5 11.Bc4 Qb4 12.Nxd5 Qxd2+ 13.Bxd2 Nxd5 14.Ne2 Nb4 15.
a3 Nd3+ 16.Bxd3 Bxd3 17.Rh3 Be4 18.Rb3 Rb8 19.Nf4 b6 20.f3 Bd5 21.Nxd5 
cxd5 22.Rc7 Ra8 23.Bg5 g6 24.Bf6 Rg8 25.Rbc3 b5 26.Ke2 a6 27.Rc8+ Rxc8 28.
Rxc8+ Kd7 29.Ra8 b4 30.axb4 Kc6 31.Be7 Kb7 32.Rxf8 Rxf8 33.Bxf8 Kc6 34.Kd3
Kb5 35.Kc3 Ka4 36.g3 a5 37.bxa5 Kxa5 38.b4+ Kb6 39.Kd3 Kb5 40.Ke3 Kc6 41.
Kf4 Kb5 42.Kg5 Kc4 43.Kf6 Kxd4 44.b5 1-0

[Event "XIII C.to Italiano U20"]
[Site "Bratto - Castione della Presolana ITA"]
[Date "2005.08.21"]
[Round "2"]
[White "Bellemo, Davide"]
[Black "Cozzarin, Davide"]
[Result "1-0"]
[WhiteElo "1847"]
[BlackElo "1646"]
[PlyCount "107"]
[EventDate "2005.08.20"]

1.d4 f5 2.c4 Nf6 3.Nc3 e6 4.g3 Be7 5.Bg2 O-O 6.e3 d6 7.Nge2 Nbd7 8.O-O e5 
9.dxe5 Nxe5 10.b3 Rb8 11.Bb2 Bd7 12.Qc2 Qe8 13.Nd4 Qg6 14.Rad1 a6 15.Nce2 
Nh5 16.b4 c6 17.b5 axb5 18.cxb5 c5 19.Qb3+ Kh8 20.Nf3 Nxf3+ 21.Bxf3 Be6 
22.Qc2 Rfd8 23.a4 Qf7 24.Rd2 Nf6 25.Nf4 Bd7 26.Bc3 b6 27.Rb1 Ne4 28.Rdd1 
Nxc3 29.Qxc3 Bc8 30.a5 bxa5 31.Qxa5 Bb7 32.Nd5 Ra8 33.Qc7 Rab8 34.b6 Rdc8 
35.Nxe7 Rxc7 36.bxc7 Rc8 37.Rxb7 Qxe7 38.Rdb1 g6 39.Ra1 Rxc7 40.Ra8+ Kg7 
41.Raa7 Rxb7 42.Rxb7 Qxb7 43.Bxb7 Kf6 44.Kf1 Ke5 45.f4+ Ke6 46.Ke2 d5 47.
Kd3 Kd6 48.Bc8 Ke7 49.h3 h6 50.Ba6 Kf6 51.Bb7 Ke6 52.h4 Kd6 53.Kc3 Ke6 54.
Bc6 1-0

[Event "XIII C.to Italiano U20"]
[Site "Bratto - Castione della Presolana ITA"]
[Date "2005.08.21"]
[Round "2"]
[White "Bevilacqua, Andrea"]
[Black "Battistelli, Alessandro"]
[Result "1-0"]
[WhiteElo "1978"]
[BlackElo "1655"]
[PlyCount "48"]
[EventDate "2005.08.20"]

1.e4 e5 2.Nf3 Nc6 3.d4 exd4 4.Bc4 d6 5.Nxd4 Nxd4 6.Qxd4 Nf6 7.Nc3 Be6 8.
Bg5 Be7 9.O-O O-O 10.f4 Nd7 11.Bxe7 Qxe7 12.Rae1 c6 13.Bd3 Nc5 14.f5 Nxd3 
15.cxd3 c5 16.Qf2 Bd7 17.Nd5 Qg5 18.f6 Bc6 19.fxg7 Kxg7 20.Re3 Kh8 21.Rg3 
Qe5 22.Nf6 Rg8 23.Rxg8+ Rxg8 24.Nxg8 Kxg8 1-0

[Event "XIII C.to Italiano U20"]
[Site "Bratto - Castione della Presolana ITA"]
[Date "2005.08.21"]
[Round "2"]
[White "Bonagura, Stefano"]
[Black "Lettieri, Giuseppe"]
[Result "0-1"]
[WhiteElo "2018"]
[BlackElo "2251"]
[PlyCount "154"]
[EventDate "2005.08.20"]

1.d4 d5 2.c4 e6 3.Nc3 Nf6 4.Bg5 Be7 5.Nf3 c6 6.e3 Nbd7 7.cxd5 exd5 8.Bd3 
O-O 9.O-O Re8 10.Qc2 Nf8 11.Rab1 a5 12.a3 g6 13.b4 axb4 14.axb4 Ne6 15.Bh4
Ng7 16.b5 Bf5 17.bxc6 bxc6 18.Ne5 Rc8 19.Rb7 Qd6 20.Bg3 Qe6 21.Rfb1 Bxd3 
22.Qxd3 Nf5 23.Qa6 Nd6 24.Ra7 c5 25.Nc6 Bf8 26.dxc5 Nde4 27.Nxe4 Nxe4 28.
Rb6 Bxc5 29.Rab7 Bxb6 30.Rxb6 Nc5 31.Qb5 Ra8 32.h3 Ne4 33.Be5 Rac8 34.Bd4 
Qf5 35.Qb2 Re6 36.g4 Qxf2+ 37.Qxf2 Nxf2 38.Kxf2 Rexc6 39.Rb5 Rd8 40.g5 h6 
41.gxh6 g5 42.Bg7 Rg6 43.Kf3 Rxg7 44.hxg7 Kxg7 45.Kg4 Kg6 46.Rb6+ f6 47.h4
gxh4 48.Kxh4 Kf5 49.Kg3 Rc8 50.Kf3 Rc3 51.Rb5 Ke5 52.Ke2 Ke4 53.Rb4+ Rc4 
54.Rb6 Rc2+ 55.Kd1 Rf2 56.Ke1 Rf3 57.Kd2 Rf2+ 58.Ke1 Ra2 59.Re6+ Kd3 60.
Kf1 Rh2 61.Re7 Rh5 62.Kf2 Rf5+ 63.Kg2 Re5 64.Rf7 Kxe3 65.Rxf6 d4 66.Kf1 
Ra5 67.Re6+ Kd3 68.Rc6 Kd2 69.Rf6 d3 70.Kf2 Re5 71.Rf8 Kd1 72.Rc8 d2 73.
Rc7 Rf5+ 74.Kg2 Ke2 75.Re7+ Kd3 76.Rd7+ Ke3 77.Re7+ Kd4 0-1

[Event "XIII C.to Italiano U20"]
[Site "Bratto - Castione della Presolana ITA"]
[Date "2005.08.21"]
[Round "2"]
[White "Borsato, Federico"]
[Black "Bartolini, Leonardo"]
[Result "1-0"]
[WhiteElo "1811"]
[BlackElo "1580"]
[PlyCount "101"]
[EventDate "2005.08.20"]

1.e4 c6 2.d4 d5 3.exd5 cxd5 4.Bd3 Nc6 5.c3 Nf6 6.h3 e6 7.Bg5 Be7 8.Nf3 Qb6
9.Qc2 Bd7 10.Nbd2 Rc8 11.Qb3 O-O 12.Qxb6 axb6 13.O-O Ne8 14.Bxe7 Nxe7 15.
Ne5 Bc6 16.Rae1 Nd6 17.g4 Ra8 18.a3 b5 19.f4 g6 20.Kh2 Nc4 21.Ndxc4 bxc4 
22.Bc2 Kg7 23.f5 gxf5 24.gxf5 Nxf5 25.Bxf5 exf5 26.Rxf5 f6 27.Rg1+ Kh8 28.
Ng4 Rae8 29.Rg2 Re6 30.h4 Kg7 31.Ne5+ Kh8 32.h5 Be8 33.h6 Re7 34.Ng4 Bg6 
35.Rxf6 Rfe8 36.Ne5 Be4 37.Rg3 Bg6 38.Nxg6+ hxg6 39.Rgxg6 Rh7 40.Re6 Rf8 
41.Rgf6 Rg8 42.Re5 Rd8 43.Kg2 Rhd7 44.Ref5 Kg8 45.Kf3 Re8 46.Re5 Red8 47.
Kf4 Kh8 48.Ref5 Kg8 49.Ke5 Re8+ 50.Re6 Red8 51.Rff6 1-0

[Event "XIII C.to Italiano U20"]
[Site "Bratto - Castione della Presolana ITA"]
[Date "2005.08.21"]
[Round "2"]
[White "Bosi, Clint"]
[Black "Amato, Andrea"]
[Result "1/2-1/2"]
[WhiteElo "2025"]
[BlackElo "2286"]
[PlyCount "133"]
[EventDate "2005.08.20"]

1.e4 e6 2.d4 d5 3.e5 c5 4.Nf3 Nc6 5.c3 Bd7 6.Be2 f6 7.exf6 Nxf6 8.O-O Bd6 
9.dxc5 Bxc5 10.Bg5 O-O 11.Nbd2 Qb6 12.Qc2 e5 13.Nb3 Be7 14.Rad1 Be6 15.Be3
Qc7 16.Ng5 Qc8 17.Nxe6 Qxe6 18.Nc5 Qc8 19.Nb3 b6 20.Rfe1 Qe6 21.Bf3 e4 22.
Nd4 Qc8 23.Nxc6 Qxc6 24.Be2 Rad8 25.Qb3 Bc5 26.Bb5 Qc7 27.Bxc5 bxc5 28.Be2
Kh8 29.Qc2 Qf7 30.f3 Nh5 31.fxe4 Qf2+ 32.Kh1 Rf6 33.Qd3 Rg6 34.Qf3 Ng3+ 
35.hxg3 Rh6+ 36.Qh5 Rxh5+ 37.Bxh5 Qxg3 38.Bf3 d4 39.cxd4 cxd4 40.e5 d3 41.
e6 Re8 42.Re3 g5 43.Rdxd3 g4 44.Bc6 Qh4+ 45.Kg1 Re7 46.Bd5 Qf6 47.Bb3 h5 
48.g3 Qxb2 49.Kf1 Qf6+ 50.Ke2 h4 51.gxh4 Qxh4 52.Kd2 Qf2+ 53.Kc3 a5 54.a4 
Rc7+ 55.Kd4 g3 56.Ke5 Rg7 57.Rf3 Qc5+ 58.Kf4 Qg5+ 59.Ke4 Qh4+ 60.Ke5 Rg5+ 
61.Kd6 Qb4+ 62.Kd7 g2 63.e7 Qb7+ 64.Kd8 Qb8+ 65.Kd7 Qb7+ 66.Kd8 Qb8+ 67.
Kd7 1/2-1/2

[Event "XIII C.to Italiano U20"]
[Site "Bratto - Castione della Presolana ITA"]
[Date "2005.08.21"]
[Round "2"]
[White "Bove, Alessandro"]
[Black "Laurenti, Stefano"]
[Result "1/2-1/2"]
[WhiteElo "2137"]
[BlackElo "1937"]
[PlyCount "48"]
[EventDate "2005.08.20"]

1.Nf3 Nf6 2.g3 e6 3.Bg2 d5 4.O-O Bd6 5.d3 c5 6.Nbd2 Nc6 7.c4 Qc7 8.Re1 O-O
9.a3 Rb8 10.cxd5 exd5 11.e4 Bg4 12.exd5 Nxd5 13.Qa4 Bf5 14.Qb3 Nde7 15.Ne4
Ng6 16.Qd5 Bxe4 17.dxe4 Rbd8 18.Qh5 Nd4 19.Nxd4 cxd4 20.f4 Bc5 21.Rd1 d3+ 
22.Kh1 Rd7 23.Bh3 Qc6 24.Bg2 Qc7 1/2-1/2

[Event "XIII C.to Italiano U20"]
[Site "Bratto - Castione della Presolana ITA"]
[Date "2005.08.21"]
[Round "2"]
[White "Braschi, Giancarlo"]
[Black "Valsecchi, Alessio"]
[Result "1/2-1/2"]
[WhiteElo "2201"]
[BlackElo "1945"]
[PlyCount "51"]
[EventDate "2005.08.20"]

1.d4 Nf6 2.c4 g6 3.Nc3 d5 4.Nf3 Bg7 5.Bg5 Ne4 6.cxd5 Nxg5 7.Nxg5 e6 8.Qd2 
exd5 9.Qe3+ Kf8 10.Qf4 Qf6 11.Qxf6 Bxf6 12.Nf3 c6 13.e3 Bf5 14.Be2 a5 15.
O-O Kg7 16.Rac1 a4 17.Rfd1 Be7 18.Bd3 Bxd3 19.Rxd3 f5 20.Ne2 Na6 21.Rdd1 
a3 22.b3 Nb4 23.Rd2 Bd6 24.Ne1 Rhe8 25.Kf1 Re7 26.h4 1/2-1/2

[Event "XIII C.to Italiano U20"]
[Site "Bratto - Castione della Presolana ITA"]
[Date "2005.08.21"]
[Round "2"]
[White "Brunello, Sabino"]
[Black "Nizzardo, Mattia"]
[Result "1-0"]
[WhiteElo "2373"]
[BlackElo "1718"]
[PlyCount "75"]
[EventDate "2005.08.20"]

1.e4 e5 2.Nf3 Nc6 3.d4 exd4 4.Nxd4 Bc5 5.Be3 Nxd4 6.Bxd4 Bxd4 7.Qxd4 Qf6 
8.e5 Qb6 9.Qc3 Qc6 10.Qd3 f6 11.Nc3 Ne7 12.exf6 Qxf6 13.O-O-O c6 14.Ne4 
Qf4+ 15.Kb1 O-O 16.Nd6 Nd5 17.Qa3 Rf6 18.Nxc8 Rxc8 19.f3 a6 20.Qb3 b5 21.
c4 bxc4 22.Bxc4 Qf5+ 23.Ka1 Rd6 24.Bxa6 Ra8 25.Bd3 Qf8 26.Bb1 Kh8 27.Qd3 
Rg6 28.g3 Qf7 29.Qb3 Rf6 30.f4 Qe7 31.Rhe1 Qc5 32.Rc1 Qa5 33.Re5 d6 34.Re2
Nb4 35.a3 c5 36.Qf3 d5 37.Qh5 Rh6 38.Re8+ 1-0

[Event "XIII C.to Italiano U20"]
[Site "Bratto - Castione della Presolana ITA"]
[Date "2005.08.21"]
[Round "2"]
[White "Covolan, Stefano"]
[Black "Castellano, Fabio Marco"]
[Result "0-1"]
[WhiteElo "1691"]
[BlackElo "1893"]
[PlyCount "156"]
[EventDate "2005.08.20"]

1.e4 c5 2.Nf3 d6 3.d4 cxd4 4.Nxd4 Nf6 5.Nc3 a6 6.Be2 e5 7.Nb3 Be7 8.O-O 
O-O 9.Be3 Be6 10.f3 Qc7 11.Nd5 Bxd5 12.exd5 Nbd7 13.c4 Nc5 14.Nxc5 dxc5 
15.Qc2 Nh5 16.Bd3 g6 17.Qd2 f5 18.g4 fxg4 19.fxg4 Nf4 20.Bxf4 exf4 21.Qe2 
Bf6 22.Rae1 Bd4+ 23.Kg2 Be3 24.Rf3 Rae8 25.b3 Qd7 26.h3 Qd8 27.Ref1 Qg5 
28.Qc2 Kg7 29.Kh2 Qe5 30.Kg2 Rh8 31.h4 Qe7 32.Rh3 Rhf8 33.Rff3 Qd7 34.Kh2 
Qxg4 35.Qg2 h5 36.Rf1 f3 37.Rfxf3 Rxf3 38.Rxf3 Qxh4+ 39.Rh3 Bf4+ 40.Kg1 
Re1+ 41.Bf1 Be3+ 42.Kh1 Qg5 43.Qxg5 Rxf1+ 44.Kg2 Rg1+ 45.Kh2 Rxg5 46.Rxe3 
Kf7 47.d6 Rf5 48.Re7+ Kf6 49.Rxb7 Rf2+ 50.Kg3 Rxa2 51.Rb6 Ke6 52.Kh4 a5 
53.d7+ Kxd7 54.Rxg6 Rh2+ 55.Kg3 Rb2 56.Rb6 a4 57.Kh4 Rxb3 58.Ra6 Rb4 59.
Kxh5 Rxc4 60.Kg5 Kc7 61.Kf5 Kb7 62.Ra5 Kb6 63.Ra8 Kb5 64.Rb8+ Ka5 65.Ra8+ 
Kb4 66.Rb8+ Kc3 67.Ra8 Kb3 68.Ke5 Rc1 69.Rb8+ Ka2 70.Ke4 Rc3 71.Kd5 a3 72.
Rb7 Rc2 73.Rb8 c4 74.Kd4 Rc1 75.Rb7 Ka1 76.Rb4 a2 77.Ke3 Rb1 78.Rxc4 Kb2 
0-1

[Event "XIII C.to Italiano U20"]
[Site "Bratto - Castione della Presolana ITA"]
[Date "2005.08.21"]
[Round "2"]
[White "De Nardi, Riccardo"]
[Black "Drezzadore, Dario"]
[Result "1/2-1/2"]
[WhiteElo "1717"]
[BlackElo "2019"]
[PlyCount "86"]
[EventDate "2005.08.20"]

1.e4 c5 2.Nf3 d6 3.d4 cxd4 4.Nxd4 Nf6 5.Nc3 a6 6.Bc4 e6 7.Bb3 Be7 8.O-O 
Nc6 9.Be3 O-O 10.f4 Qa5 11.Kh1 Bd7 12.Qf3 Nxd4 13.Bxd4 Bc6 14.Rad1 Rac8 
15.Bxf6 Bxf6 16.Rxd6 Qb4 17.Rd3 Bxc3 18.Rxc3 Bxe4 19.Qe3 Rxc3 20.Qxc3 Qb5 
21.Re1 Qf5 22.Qd2 h5 23.Kg1 h4 24.h3 Bc6 25.Qf2 Rd8 26.c3 Qg6 27.Re2 Qf6 
28.Rd2 g6 29.Qe2 Qe7 30.Rxd8+ Qxd8 31.Qd1 Qb6+ 32.Qd4 Qxd4+ 33.cxd4 Kf8 
34.Bc4 b5 35.Bf1 Ke7 36.Kf2 Kd6 37.Ke3 f6 38.b4 Bd5 39.a3 Bb3 40.Bd3 f5 
41.Be2 Bd5 42.Bf3 Bc6 43.Bxc6 Kxc6 1/2-1/2

[Event "XIII C.to Italiano U20"]
[Site "Bratto - Castione della Presolana ITA"]
[Date "2005.08.21"]
[Round "2"]
[White "Ferrante, Marco"]
[Black "Cocuzzi, Edoardo"]
[Result "1-0"]
[WhiteElo "2113"]
[BlackElo "1689"]
[PlyCount "57"]
[EventDate "2005.08.20"]

1.e4 e5 2.Nf3 Nc6 3.d4 exd4 4.Bc4 Bb4+ 5.c3 dxc3 6.bxc3 Bd6 7.O-O Nge7 8.
Ng5 Ne5 9.Bb3 O-O 10.f4 N5g6 11.Qh5 h6 12.Nxf7 Rxf7 13.Bxf7+ Kxf7 14.f5 
Kg8 15.fxg6 Qe8 16.Rf7 Nxg6 17.Rf3 Qxe4 18.Nd2 Qe1+ 19.Nf1 Qe6 20.Bd2 Ne5 
21.Rg3 Kh7 22.Re1 Qf6 23.Bg5 Bc5+ 24.Be3 Bd6 25.Bd4 g5 26.Qe2 Nf3+ 27.Rxf3
Qg6 28.Rf6 Qg8 29.Qe4+ 1-0

[Event "XIII C.to Italiano U20"]
[Site "Bratto - Castione della Presolana ITA"]
[Date "2005.08.21"]
[Round "2"]
[White "Fezzardi, Emanuele"]
[Black "Navarro, Stefano"]
[Result "0-1"]
[WhiteElo "1970"]
[BlackElo "2209"]
[PlyCount "102"]
[EventDate "2005.08.20"]

1.d4 d5 2.c4 e6 3.Nc3 Nf6 4.Bg5 c6 5.e3 Nbd7 6.Nf3 Qa5 7.Nd2 Bb4 8.Qc2 O-O
9.Be2 Ne4 10.Ndxe4 dxe4 11.Bf4 e5 12.dxe5 Nxe5 13.O-O Bxc3 14.Qxc3 Qxc3 
15.bxc3 Nd7 16.c5 Re8 17.Bd6 b6 18.cxb6 axb6 19.Rfd1 Nf6 20.Bc7 Nd5 21.
Rxd5 cxd5 22.Bxb6 Ba6 23.Bxa6 Rxa6 24.Bc5 f5 25.g3 Kf7 26.Bb4 g5 27.a3 Ke6
28.Rb1 Rc8 29.Ra1 Rc7 30.a4 f4 31.a5 Kd7 32.Ra2 Kc6 33.Rb2 fxe3 34.fxe3 
Rf7 35.Kg2 Rf3 36.Re2 Ra7 37.Kg1 Rd7 38.Kg2 Kb5 39.Kg1 g4 40.Kg2 Rdf7 41.
Ra2 R7f6 42.Re2 Ka6 43.Bc5 Kxa5 44.Rb2 Rf1 45.Bd4 Rf7 46.Bc5 Rd1 47.Rf2 
Rxf2+ 48.Kxf2 Rd2+ 49.Kg1 Kb5 50.Bd4 Kc4 51.Be5 Kd3 0-1

[Event "XIII C.to Italiano U20"]
[Site "Bratto - Castione della Presolana ITA"]
[Date "2005.08.21"]
[Round "2"]
[White "Fortino, Fabrizio"]
[Black "Damia, Angelo"]
[Result "0-1"]
[WhiteElo "1965"]
[BlackElo "2155"]
[PlyCount "64"]
[EventDate "2005.08.20"]

1.e4 d6 2.d4 Nf6 3.Nc3 e5 4.dxe5 dxe5 5.Qxd8+ Kxd8 6.Bg5 c6 7.O-O-O+ Ke8 
8.f4 h6 9.Bh4 exf4 10.Bxf6 gxf6 11.Nce2 Bc5 12.Nd4 Rg8 13.Ngf3 Bg4 14.Nf5 
Bxf5 15.exf5 Be3+ 16.Kb1 Nd7 17.g3 Ne5 18.Nxe5 fxe5 19.gxf4 Bxf4 20.b4 Ke7
21.Bd3 Rad8 22.Kb2 Rd4 23.Kb3 Rgd8 24.h3 Kf6 25.Kc3 e4 26.Be2 Bd2+ 27.Kb3 
Rxb4+ 28.Ka3 Rb6 29.c4 c5 30.Rb1 Bb4+ 31.Kb3 Be1+ 32.Ka3 Rxb1 0-1

[Event "XIII C.to Italiano U20"]
[Site "Bratto - Castione della Presolana ITA"]
[Date "2005.08.21"]
[Round "2"]
[White "Fratino, Lorenzo"]
[Black "Trazzi, Enrico"]
[Result "1-0"]
[WhiteElo "1905"]
[BlackElo "1670"]
[PlyCount "81"]
[EventDate "2005.08.20"]

1.e4 g6 2.d4 Bg7 3.Nc3 c6 4.Be3 d5 5.Qd2 dxe4 6.Nxe4 Nd7 7.O-O-O Ngf6 8.f3
O-O 9.Bh6 Qc7 10.h4 e5 11.h5 b5 12.Bxg7 Kxg7 13.hxg6 fxg6 14.Qh6+ Kg8 15.
g4 Rf7 16.Bd3 Nxe4 17.Bxe4 Nf8 18.d5 Bb7 19.d6 Qd7 20.Nh3 c5 21.Ng5 Rg7 
22.Qh2 Re8 23.Bxb7 Qxb7 24.Ne4 Nd7 25.Rd2 c4 26.Qh4 Rc8 27.Rhd1 Rf8 28.Ng5
Rf6 29.Rh2 Nf8 30.Ne4 Rxf3 31.Nf6+ Kh8 32.d7 Nxd7 33.Nxh7 Kg8 34.Ng5 Kf8 
35.Qh8+ Rg8 36.Qh6+ Ke8 37.Nxf3 Qxf3 38.Qh7 Qe3+ 39.Kb1 Nf6 40.Qc7 Kf8 41.
Rh7 1-0

[Event "XIII C.to Italiano U20"]
[Site "Bratto - Castione della Presolana ITA"]
[Date "2005.08.21"]
[Round "2"]
[White "Ghedin, Emanuele"]
[Black "Tomassini, Ubaldo"]
[Result "0-1"]
[WhiteElo "1572"]
[BlackElo "1772"]
[PlyCount "72"]
[EventDate "2005.08.20"]

1.d4 Nf6 2.c4 g6 3.Nc3 Bg7 4.e4 d6 5.f3 O-O 6.Be3 Nc6 7.Qd2 e5 8.d5 Ne7 9.
Bh6 Nd7 10.Bxg7 Kxg7 11.Bd3 Nc5 12.Bc2 f5 13.O-O-O a5 14.h4 fxe4 15.fxe4 
Bg4 16.Re1 Ng8 17.Nh3 Qd7 18.Nf2 h5 19.Nxg4 Qxg4 20.Bd1 Qf4 21.Bf3 Nd3+ 
22.Kd1 Qxd2+ 23.Kxd2 Nxe1 24.Rxe1 Rf4 25.Rh1 Raf8 26.Nb5 R8f7 27.Ke3 Nh6 
28.b3 Kf8 29.a3 Ke8 30.b4 axb4 31.axb4 Kd7 32.Nc3 Ng4+ 33.Ke2 Nf6 34.Ke3 
Rf8 35.g3 Rxf3+ 36.Kxf3 Nxd5+ 0-1

[Event "XIII C.to Italiano U20"]
[Site "Bratto - Castione della Presolana ITA"]
[Date "2005.08.21"]
[Round "2"]
[White "Lai, Luca"]
[Black "Gallucci, Alessio"]
[Result "1-0"]
[WhiteElo "1871"]
[BlackElo "1656"]
[PlyCount "95"]
[EventDate "2005.08.20"]

1.e4 c5 2.b4 b6 3.f4 Bb7 4.d3 d5 5.e5 e6 6.Nf3 Ne7 7.bxc5 bxc5 8.Nc3 Nbc6 
9.Rb1 Rb8 10.g4 Ng6 11.Bh3 Nd4 12.O-O Nxf3+ 13.Qxf3 Be7 14.g5 Nh4 15.Qh5 
Nf5 16.Bxf5 exf5 17.e6 g6 18.exf7+ Kxf7 19.Qf3 Qd7 20.Rxb7 Rxb7 21.Nxd5 
Rd8 22.c4 Rb1 23.Re1 Re8 24.Qh3 Bf8 25.Rf1 Bg7 26.Be3 Rxf1+ 27.Kxf1 Qb7 
28.Bxc5 Qb1+ 29.Kg2 Re2+ 30.Bf2 Qc2 31.Qf3 Rxf2+ 32.Qxf2 Qxf2+ 33.Kxf2 a5 
34.Ke3 a4 35.d4 a3 36.Nb4 Ke6 37.Kd3 Bf8 38.c5 h6 39.h4 hxg5 40.hxg5 Be7 
41.Kc4 Bd8 42.d5+ Kd7 43.Kb3 Bc7 44.Nd3 Bd6 45.Kxa3 Bxc5+ 46.Nxc5+ Kd6 47.
Nd3 Kxd5 48.Ne5 1-0

[Event "XIII C.to Italiano U20"]
[Site "Bratto - Castione della Presolana ITA"]
[Date "2005.08.21"]
[Round "2"]
[White "Lain, Luigi"]
[Black "Corsino, Gianluca"]
[Result "1-0"]
[WhiteElo "2254"]
[BlackElo "2053"]
[PlyCount "93"]
[EventDate "2005.08.20"]

1.d4 d5 2.c4 e6 3.cxd5 exd5 4.Nc3 Nf6 5.Bg5 Be7 6.Qc2 O-O 7.e3 c6 8.Bd3 
Nbd7 9.Nge2 Re8 10.O-O Nf8 11.f3 h6 12.Bh4 Ne6 13.Rad1 Qb6 14.h3 Bd7 15.
Na4 Qa5 16.Be1 Qc7 17.b4 b6 18.Rc1 c5 19.bxc5 Bxa4 20.Qxa4 bxc5 21.Bg3 Bd6
22.Bxd6 Qxd6 23.Qa3 Nd7 24.Bb5 Rec8 25.Bxd7 Qxd7 26.dxc5 Qe7 27.Rfd1 Rxc5 
28.Rxd5 Rac8 29.Kf2 Qh4+ 30.g3 Qe7 31.Rcxc5 Nxc5 32.Qb2 Qe6 33.Qd4 Na6 34.
h4 Re8 35.Nf4 Qc6 36.Nh5 Qc2+ 37.Kg1 Qg6 38.g4 Nc7 39.Rd8 Rf8 40.Rxf8+ 
Kxf8 41.Qc5+ Kg8 42.Qxc7 Qb1+ 43.Kg2 Qxa2+ 44.Kg3 a5 45.Qb8+ Kh7 46.Qe5 f6
47.Qe7 1-0

[Event "XIII C.to Italiano U20"]
[Site "Bratto - Castione della Presolana ITA"]
[Date "2005.08.21"]
[Round "2"]
[White "Lapenna, Antonio"]
[Black "Ronchetti, Niccolo'"]
[Result "1/2-1/2"]
[WhiteElo "2056"]
[BlackElo "2395"]
[PlyCount "83"]
[EventDate "2005.08.20"]

1.e4 c5 2.Nf3 Nc6 3.d4 cxd4 4.Nxd4 Nf6 5.Nc3 e5 6.Ndb5 d6 7.Nd5 Nxd5 8.
exd5 Nb8 9.c4 Be7 10.Be2 O-O 11.O-O Nd7 12.a3 f5 13.b4 b6 14.f3 Rf6 15.f4 
a6 16.fxe5 Nxe5 17.Nd4 Bd7 18.Qc2 Rc8 19.Bg5 b5 20.Bxf6 Bxf6 21.c5 Nc4 22.
Nxf5 Bxa1 23.Rxa1 dxc5 24.Bxc4 cxb4 25.Ne7+ Qxe7 26.d6+ Rxc4 27.Qxc4+ bxc4
28.dxe7 b3 29.Rf1 g6 30.Rf8+ Kg7 31.Rb8 a5 32.Kf2 a4 33.Ke3 c3 34.Kd3 c2 
35.Kd2 Kf7 36.e8=Q+ Bxe8 37.Rb7+ Kg8 38.Kc1 Bc6 39.Ra7 h5 40.g3 Kf8 41.Ra6
Be8 42.Ra7 1/2-1/2

[Event "XIII C.to Italiano U20"]
[Site "Bratto - Castione della Presolana ITA"]
[Date "2005.08.21"]
[Round "2"]
[White "Lapiccirella, Daniele"]
[Black "Rorato, Giovanni Riccardo"]
[Result "1-0"]
[WhiteElo "2120"]
[BlackElo "1706"]
[PlyCount "50"]
[EventDate "2005.08.20"]

1.d4 d5 2.c4 c6 3.Nf3 Nf6 4.e3 e6 5.Bd3 Be7 6.O-O O-O 7.Nbd2 Nbd7 8.b3 b6 
9.Bb2 Bb7 10.Qe2 Rc8 11.Rad1 c5 12.e4 dxe4 13.Nxe4 Nxe4 14.Bxe4 Bxe4 15.
Qxe4 Nf6 16.Qe2 cxd4 17.Nxd4 Qe8 18.Nb5 Rd8 19.Nxa7 Ra8 20.Bxf6 Rxa7 21.
Bxe7 Qxe7 22.a4 Ra5 23.Rd3 e5 24.Rfd1 Qb4 25.Qd2 Qa3 1-0

[Event "XIII C.to Italiano U20"]
[Site "Bratto - Castione della Presolana ITA"]
[Date "2005.08.21"]
[Round "2"]
[White "Manconi, Antonio"]
[Black "Napoli, Nicolo'"]
[Result "1-0"]
[WhiteElo "1988"]
[BlackElo "2225"]
[PlyCount "85"]
[EventDate "2005.08.20"]

1.e4 c6 2.d4 d5 3.Nc3 dxe4 4.Nxe4 Nf6 5.Nxf6+ exf6 6.c3 Bd6 7.Bd3 O-O 8.
Qc2 Re8+ 9.Ne2 h6 10.Be3 Nd7 11.O-O-O Qa5 12.Kb1 c5 13.Bf4 Bf8 14.Rhe1 
cxd4 15.Nxd4 Ne5 16.Be4 Bd7 17.Nf5 Ba4 18.b3 Nc4 19.Bc1 Re6 20.bxa4 Ba3 
21.Ka1 Rae8 22.f3 b5 23.Nd4 f5 24.Nxe6 fxe4 25.Rd8 Rxd8 26.Nxd8 Qxd8 27.
Rxe4 Bxc1 28.Qxc1 a6 29.axb5 axb5 30.Rxc4 bxc4 31.Qc2 Qb6 32.a4 Qg1+ 33.
Kb2 Qxh2 34.a5 Qb8+ 35.Ka3 Qd6+ 36.Ka4 Qc5 37.Qe4 f5 38.Qe6+ Kh7 39.a6 h5 
40.Qe8 Kh6 41.Qb5 Qf2 42.Qxc4 Qxg2 43.a7 1-0

[Event "XIII C.to Italiano U20"]
[Site "Bratto - Castione della Presolana ITA"]
[Date "2005.08.21"]
[Round "2"]
[White "Massironi, Marco"]
[Black "Gatterer, Matthias"]
[Result "1-0"]
[WhiteElo "2122"]
[BlackElo "1917"]
[PlyCount "65"]
[EventDate "2005.08.20"]

1.e4 e6 2.d4 d5 3.Nd2 c5 4.Ngf3 Nf6 5.e5 Nfd7 6.c3 Nc6 7.Bd3 Qb6 8.O-O g6 
9.Re1 Bg7 10.h4 O-O 11.h5 cxd4 12.cxd4 Ndb8 13.Nb3 a5 14.Be3 Nb4 15.Bb1 
Bd7 16.Ng5 f5 17.exf6 Rxf6 18.Nxh7 Kxh7 19.hxg6+ Kg8 20.Qh5 Be8 21.Qh7+ 
Kf8 22.Bh6 Bxh6 23.Qxh6+ Ke7 24.Qg7+ Bf7 25.gxf7 Rxf7 26.Qg5+ Kd6 27.Nc5 
Re7 28.Qf4+ Kc6 29.Qf8 Qc7 30.Nxe6 Qd6 31.Nd8+ Qxd8 32.Rc1+ Nc2 33.Qxd8 
1-0